000 00185nam a2200073Ia 4500
008 180219s9999 xx 000 0 und d
100 _aRamesh A R
245 0 _aTeaching Of Teaching Commerce
260 _aNew Delhi Sonali
999 _c41338
_d41338